01320nam0a22002411 4500001001100000005001700011035002600028100004100054101001300095102000700108105001800115200049400133205001700627210007200644215006000716300007600776300008100852700005100933702003600984801001801020801002201038852001801060rc\291172920250529222618.0 a(NLR Aleph) 007062433 a20110808d1933 |||y0rusy50 ca1 aruscger aRU aa z |||||1 aКоллоидная химияeПеревод с 5. доп. и заново перераб. нем. изд.h1iОбщая частьh2iСпециальная частьfRichard Zsigmondy, проф. Ун-та в Геттингене, директор Ин-та неорган. химииgПод ред. и с предисл. И.А. Кухаренко, проф. Киев. технолог. ин-та сахар. пром-сти (с. 9-12)gНар. ком. снабжения УССР a2-е изд. aХарьковaКиевcИзд-во НКСнаба УССРd1933 aОбл., 452 с., [7] вкл. л. ил.cил.d24 см aОригинал: Kolloidchemie. Ein Lehrbuch von Richard Zsigmondy ... aПредисл. автора к 1. (с. 13-14), і к 5. изд. (с. 14-16) 1aЖигмондиbР.f1865-1929gРихард 1aКухаренкоbИ.А.4340 0aRUbNLRgpsbo 1aRUbELAR2rusmarc aNLRj33-5/332